01377nam a2200277 i 4500001000700000003000900007005001700016008004100033020002200074080001500096111007700111245028100188260005500469300002200524504003400546650005600580650006000636700004000696700004900736700003400785710004200819711007700861852002100938999001900959952012100978179324ES-MaACL20230906220745.0111102s2010 sp |||| | spa d a978-84-936113-2-3 a1"19"(063)2 aJornadas de Hispanismo Filosófico (n8ª. d2007. cBarcelona)914844513aLa filosofía y las lenguas de la Península Ibérica b: actas de las VIII y IX Jornadas Internacionales de Hispanismo Filosófico, Barcelona, 2007, Santander, 2009 / cJosé Luis Mora García, Ramón Emilio Mandado Gutiérrez, Gemma Gordo Piñar... [et al.] (eds.). aMadrid : bFundación Ignacio Larramendi, c2010. a648 p. ; c24 cm. aReferencias bibliográficas. 7aFilosofía-yS.XX-vCongresos y asambleas.9148446 4aFilosofía-zEspaña-vCongresos y asambleas.91394961 aMora García, José Luis.91394941 aMandado Gutiérrez, Ramón Emilio.91484471 aGordo Piñar, Gemma.91484482 aFundación Ignacio Larramendi.943222 aJornadas de Hispanismo Filosófico (n9ª. d2009. cSantander)9148449 aES-MaACLjN-4691 c179324d179324 00104070aATENEOMbATENEOMcSPD2d2011-11-02eDONl0oN-4691p1188382r2023-02-23 00:00:00w2023-02-23yMONOGRAFIA